Assisted replanting programme and group coagulation centres for smallhloder rubber in Indonesia (Record no. 54565)

MARC details
000 -LEADER
fixed length control field 00477nam a2200145Ia 4500
100 ## - MAIN ENTRY--AUTHOR NAME
Personal name Tjakrawerdaja S
245 #0 - TITLE STATEMENT
Title Assisted replanting programme and group coagulation centres for smallhloder rubber in Indonesia
260 ## - PUBLICATION, DISTRIBUTION, ETC. (IMPRINT)
Name of publisher Proceedings of the International Rubber Conference, Kuala Lumpur. V.3, 1975; p424-434
650 ## - SUBJECT ADDED ENTRY--TOPICAL TERM
Topical Term Indonesia
650 ## - SUBJECT ADDED ENTRY--TOPICAL TERM
Topical Term Replanting
650 ## - SUBJECT ADDED ENTRY--TOPICAL TERM
Topical Term Rubber
650 ## - SUBJECT ADDED ENTRY--TOPICAL TERM
Topical Term Smallholder
942 ## - ADDED ENTRY ELEMENTS (KOHA)
Koha item type Journals
Holdings
Withdrawn status Lost status Damaged status Not for loan Home library Current library Shelving location Date acquired Koha item type
      Journals RRII Library RRII Library Rubber general 17/12/2021 Journals